000
00261nam a22001097a 4500
082
_a
621.381 ELE'M
100
_a
MAQBOOL, H. KHAN
_9
75114
245
_a
ELECTRONIC COMPLETE PRACTICAL TRAINING
260
_a
KARACHI
_b
KHAWAJA
_c
1990
300
_a
112P
942
_c
BK
999
_c
580596
_d
580596